Wine Varietals - Statistics

General Stats
  • This quiz has been taken 90 times
  • The average score is 8 of 15
Answer Stats
Hint Answer % Correct
Chablis Chardonnay
90%
Red Burgundy Pinot Noir
86%
Sancerre Sauvignon Blanc
80%
Chianti Sangiovese
74%
Rioja Tempranillo
71%
Barbaresco Nebbiolo
69%
Beaujolais Gamay
67%
Hermitage Syrah
67%
Cotes-du-Rhone Grenache
57%
Tokaj Furmint
34%
Amarone Corvina
26%
Gavi Cortese
19%
Cava Macabeo
10%
Prosecco Glara
7%
Soave Gargenega
4%
No matching quizzes found
Score Distribution
Percent of People with Each Score
Percentile by Number Answered
Your Score History
You have not taken this quiz